000 00322nam a22001337a 4500
008 210303b ||||| |||| 00| 0 eng d
020 _a9781439079119
041 _aeng
080 _23th
_a721.053
100 _a62
101 _aAUD
245 _aInformation Technology Auditing and Assurance
_cHall,A.J
942 _2udc
_cBK
999 _c55690
_d55690